[Event "ROM-ch U08"]
[Site "Calimanesti"]
[Date "2015.04.05"]
[Round "8"]
[White "Meca, Rares Stefan"]
[Black "Baltateanu, David Stefan"]
[Result "1-0"]
[WhiteElo "1066"]
[BlackElo "1001"]
[PlyCount "41"]
[EventDate "2015.03.30"]
[EventType "swiss"]
[EventRounds "9"]
[EventCountry "ROU"]
[SourceTitle "CBM 165 Extra"]
[Source "ChessBase"]
[SourceDate "2015.04.21"]
[SourceVersion "1"]
[SourceVersionDate "2015.04.21"]
[SourceQuality "1"]

1. e4 e5 2. Nf3 Nc6 3. d3 Nf6 4. Nc3 Bb4 5. Be2 d6 6. Bd2 Be6 7. 0-0 0-0 8. a3 Ba5 9. b4 Bb6 10. b5 Ne7 11. Be3 Ba5 12. Qd2 a6 13. bxa6 bxa6 14. Rab1 Qd7 15. d4 Rfb8 16. dxe5 dxe5 17. Ba7 Rxb1 18. Rxb1 Rxa7 19. Rb8+ Ne8 20. Nxe5 Qxd2 21. Rxe8# 1-0